A Green Day Song for Each Letter A-Z - Statistics

General Stats
  • This quiz has been taken 213 times
  • The average score is 16 of 24
Answer Stats
Hint Answer % Correct
B Bab's Uvula Who? | Baby Eyes | Back In the USA | Bang Bang | Basket Case | Before the Lobotomy | Best Thing in Town | Blood, Sex and Booze | Boulevard of Broken Dreams | Bouncing Off the Wall | Brain Stew | Brat | Brutal Love | Burnout
100%
A All the Time | Amanda | American Eulogy | American Idiot | Amy | Android | Angel Blue | Are We the Waiting | Armatage Shanks | Ashley | At the Library
98%
W Waiting | Wake Me Up When September Ends | Walk Away | Walking Alone | Warning | Welcome to Paradise | Welcome to Paradise | Westbound Sign | Whatsername | When I Come Around | Who Wrote Holden Caulfield? | Why Do You Want Him? | Wild One | Words I MIght Have Ate | Working Class Hero | Worry Rock | Wow! That's Loud
86%
H Ha Ha You're Dead | Haushinka | Having a Blast | Here Comes The Shock | Hitchin' a Ride | Hold On | Holiday | Holy Toledo! | Homecoming | Horseshoes and Handgrenades
85%
S Sassafras Roots | Say Goodbye | Scattered | Scumbag | See the Light | See You Tonight | Sex, Drugs & Violence | She | She's a Rebel | Sick Of Me | The Simpsons Theme | Somewhere Now | Song of the Century | St. Jimmy | Stab You in the Heart | The Static Age | Stay the NIght | Still Breathing | Stop When the Red Lights Flash | Strangeland | Stray Heart | Stuart and the Ave. | Stuck With Me | Suffocate | Sugar Youth | Sweet Children | Sweet 16
82%
J J.A.R (Jason Andrew Relva) | Jackass | Jaded | Jesus of Suburbia | Jinx | The Judge's Daughter | Junkies on a High
81%
G Geek Stink Breath | Give Me Novacaine | Going to Pasalacqua | Good Riddance (Time of Your Life) | Graffitia | Green Day | The Grouch
79%
C Carpe Diem | Castaway | Christian's Inferno | Christie Road | Chump | Church on Sunday | Coming Clean
78%
L Lady Cobra | Last Night on Earth | Last of the American Girls | Last Ride In | Lazy Bones | Let Yourself Go | Letterbomb | Little Boy Named Train | Longview | Loss of Control
77%
F F.O.D | Fashion Victim | Father of All... | Fell for You | Fire, Ready, Aim | Forever Now | The Forgotten | Fuck Time
73%
E East Jesus Nowhere | Emenius Sleepus | Espionage | Extraordinary Girl
72%
K Kill the DJ | King for a Day | Know Your Enemy | Knowledge
70%
M Macy's Day Parade | Makeout Party | Maria | Meet Me on the Roof | Minority | Misery | Missing You | Murder City | My Generation
66%
R Redundant | Reject | Rest | Restless Heart Syndrome | Revolution Radio | Road to Acceptance | Rotting | Rusty James
66%
O Oh Love | Oh Yeah! | On the Wagon | One for the Razorbacks | The One I Want | One of My Lies | Only of You | Ordinary World | Outlaws | Outsider
61%
D Deadbeat Holiday | Desensitized | Dirty Rotten Bastards | Disappearing Boy | Do Da Da | Dominated Love Slave | Don't Leave Me | Don't Wanna Fall In Love | Drama Queen | Dreaming | Dry Ice
58%
P Panic Song | Paper Lanterns | Peacemaker | Platypus (I Hate You) | Pollyanna | Poprocks and Coke | Private Ale | Prosthetic Head | Pulling Teeth
54%
N Nice Guys Finish Last | Nightlife | No One Knows | No Pride | Nuclear Family
53%
X X-Kid | Xmas TIme Of Year
53%
I I Want to Be Alone | I Want to Be on T.V. | I Was a Teenage Teenager | I Was There | In The End
46%
T Take Back | Take the Money and Crawl | Tight Wad Hill | Tired of Waiting for You | Too Dumb to Die | Troubled Times | Troublemaker
42%
V ¡Viva la Gloria! | ¿Viva la Gloria? (Little Girl)
42%
Y You Lied | Youngblood
39%
U Uptight
27%
No matching quizzes found
Score Distribution
Percent of People with Each Score
Percentile by Number Answered
Your Score History
You have not taken this quiz